Aufstellung Inter Mailand vs. Schalke 04; 05.04.2011 - Statistiken

Allgemein
  • Dieses Quiz wurde 318 mal gespielt
  • Das Durchschnittsergebnis liegt bei 11 aus 28
Antwortstatistiken
Hint Antwort % Korrekt
TW Manuel Neuer
98%
AG Raul
92%
VT Benedikt Höwedes
85%
AG Edu
73%
MF Jefferson Farfan
67%
MF Julian Draxler
66%
VT Joel Matip
62%
AG Diego Milito
57%
VT Atsuto Uchida
56%
MF Jurado
54%
TW Julio Cesar
52%
MF Dejan Stankovic
40%
VT Hans Sarpei
39%
VT Javier Zanetti
39%
MF Wesley Sneijder
35%
MF Alexander Baumjohann
32%
VT Kyriakos Papadopoulos
31%
MF Esteban Cambiasso
30%
VT Andrea Ranoccia
26%
VT Maicon
24%
VT Cristian Chivu
23%
MF Lukas Schmitz
13%
AG Ali Karimi
9%
VT Ivan Cordoba
5%
MF Thiago Motta
4%
VT Yuto Nagatomo
4%
AG Samuel Eto´o
2%
MF Houssine Kharja
1%
Keine übereinstimmenden Quizze gefunden
Verteilung der Resultate
Anzahl Personen mit jedem Resultat
Perzentil nach korrekt beantworteten Fragen
Ihre Resultats-Entwicklung
Sie haben dieses Quiz noch nicht gespielt